000 00825nam a22002537a 4500
001 32523
003 UA-OsUOA
005 20230208094937.0
007 ta
008 20050204b un ||||| |||| 00| 0 ukr d
040 _aUA-OsUOA
_bukr
_cUA-OsUOA
_dUA-OsUOA
041 _aukr
044 _aCA
080 _a94(477).062
090 _a94(477).062
_bГ46
100 _aГірняк Н.
245 _aПолк. Василь Вишиваний
260 _aВінніпег
_bНовий Шлях
_c1956
_bВидав хор. УСС Дм. Микитюк
300 _a70 с.
_bІлюстрації
650 7 _a9 Географія. Біографії. Історія
_2UDC
942 _cBK
_2udc
955 _a4
999 _c318968
_d318968